| Tag |
First Indicator |
Second Indicator |
Subfields |
| LEADER |
00000cem a2200000Ia 4500 |
| 001 |
in00003156621 |
| 005 |
20151204205207.0 |
| 007 |
aj canzn |
| 008 |
070822s1915 wvua a s 0 eng d |
| 034 |
1 |
|
|a a
|b 62500
|d W0820000
|e W0813000
|f N0381500
|g N0374500
|
| 035 |
|
|
|a (OCoLC)ocn166256368
|
| 035 |
|
|
|a (OCoLC)166256368
|
| 040 |
|
|
|a CGU
|b eng
|c CGU
|d OCLCA
|d OCLCQ
|d GIS
|d OCLCA
|d TXA
|d UtOrBLW
|
| 043 |
|
|
|a n-us-wv
|
| 049 |
|
|
|a TXAM
|
| 050 |
|
4 |
|a G3893.B6C5 1915
|b .W4
|
| 052 |
|
|
|a 3893
|b B6
|
| 072 |
|
7 |
|a C5
|2 lcg
|
| 110 |
2 |
|
|a West Virginia Geological and Economic Survey.
|
| 245 |
1 |
0 |
|a Map of Boone County, showing general and economic geology /
|c West Virginia Geological Survey ; I.C. White, state geologist ; geology by C.E. Krebs and D.D. Teets, Jr.
|
| 246 |
3 |
0 |
|a Boone County, showing general and economic geology
|
| 246 |
1 |
|
|i Title on verso:
|a Boone County general and economic geology
|
| 255 |
|
|
|a Scale 1:62,500
|c (W 82°00ʹ--W 81°30ʹ/N 38°15ʹ--N 37°45ʹ).
|
| 264 |
|
1 |
|a [Wheeling, W. Va.] :
|b West Virginia Geological Survey,
|c 1915.
|
| 300 |
|
|
|a 1 map :
|b color ;
|c 89 x 81 cm.
|
| 336 |
|
|
|a cartographic image
|b cri
|2 rdacontent
|
| 337 |
|
|
|a unmediated
|b n
|2 rdamedia
|
| 338 |
|
|
|a sheet
|b nb
|2 rdacarrier
|
| 500 |
|
|
|a Relief shown by contours.
|
| 500 |
|
|
|a "Base, U.S. Geological Survey sheets"
|
| 500 |
|
|
|a Cartographic material.
|
| 650 |
|
0 |
|a Geology, Economic
|z West Virginia
|z Boone County
|v Maps.
|
| 651 |
|
0 |
|a Boone County (W. Va.)
|v Maps.
|
| 655 |
|
7 |
|a Geological maps.
|2 lcgft
|
| 700 |
1 |
|
|a Krebs, C. E.
|q (Charles E.)
|
| 700 |
1 |
|
|a White, I. C.
|q (Israel Charles),
|d 1848-1927.
|
| 700 |
1 |
|
|a Teets, D. D.
|q (D. Dee),
|d 1875-
|
| 994 |
|
|
|a C0
|b TXA
|
| 948 |
|
|
|a cataloged
|b h
|c 2013/4/26
|d c
|e nbehmer
|f 2:13:35 pm
|
| 999 |
|
|
|a MARS
|
| 999 |
f |
f |
|s d650f67f-6981-3275-9a3b-7333120d2434
|i 9dd5a921-a4eb-3c9b-8717-ad9f4b4b8654
|t 0
|
| 952 |
f |
f |
|p noncirc
|a Texas A&M University
|b College Station
|c Sterling C. Evans Library
|d Evans: Maps (2nd floor)
|t 0
|e G3893.B6C5 1915 .W4
|h Library of Congress classification
|i unmediated -- sheet
|m A14841699920
|
| 998 |
f |
f |
|a G3893.B6C5 1915 .W4
|t 0
|l Evans: Maps (2nd floor)
|